000 00739nam a2200205 a 4500
001 2008861
003 AM-YEHGA
005 20250617165021.0
008 250225s1968 le ||||r|||||00||0|arm|d
040 _aAM-YeHGA
041 0 _aarm
100 1 _aԳասարճյան, Միհրան
245 1 0 _aՀաւատարիմ զինւորը Քրիստոսի /
_cՄիհրան եղբ․ Գասարճեան ; Հաւաքեց, համադրեց տիկ․ Հ․Մ․ Գասարճեան․
260 _aՊէյրութ ։
_bԳալֆաեան հրատարակչատուն,
_c1968․
300 _a128 էջ
650 1 4 _aՔրիստոնեություն
700 1 _aԳասարճյան, Հ․Մ․
_eկազմ․
_4com
942 _2udc
_cBK
090 _c572264
999 _c533267
_d533267